[Event "4NCL Individual Rapid 10m+10s"]
[Site "Daventry"]
[Date "2013.10.06"]
[Round "1.1"]
[White "Hebden, Mark"]
[Black "Freeman, Richard C P"]
[Result "1-0"]
[WhiteElo "2548"]
[BlackElo "2030"]
[PlyCount "109"]
[EventDate "2013.10.06"]
[EventType "swiss (rapid)"]
[EventRounds "7"]
[EventCountry "ENG"]

1. d4 g6 2. e4 Bg7 3. Nf3 d6 4. Bc4 e6 5. O-O Ne7 6. Qe2 O-O 7. Rd1 d5 8. Bd3
b6 9. c3 Bb7 10. e5 c5 11. Bf4 Nbc6 12. a3 c4 13. Bc2 b5 14. Qe3 a5 15. Bh6 b4
16. Bxg7 Kxg7 17. Re1 b3 18. Bd1 Bc8 19. Nbd2 f6 20. exf6+ Rxf6 21. Ne5 Nxe5
22. Qxe5 Nc6 23. Qg3 Bd7 24. Bg4 Qf8 25. Nf3 h6 26. Ne5 Nxe5 27. Rxe5 Qf7 28.
Rae1 Rf8 29. R5e2 Kh7 30. f3 Re8 31. h4 Bc8 32. Qe5 Bd7 33. Qc7 a4 34. h5 g5
35. Re5 Re7 36. Qd6 Re8 37. g3 Kg7 38. Kg2 Kh7 39. Qc7 Re7 40. R5e3 Re8 41. Qe5
Rf8 42. Rf1 Qg7 43. Re2 Qf7 44. Ref2 Qg7 45. Kh3 R8f7 46. Qe3 Rf8 47. Kh2 Kh8
48. Bh3 Re8 49. Qe5 Kh7 50. f4 g4 51. Bxg4 Rg8 52. Rg2 Rgf8 53. Bh3 Qf7 54.
Rgf2 Rg8 55. Re1 1-0

[Event "4NCL Individual Rapid 10m+10s"]
[Site "Daventry"]
[Date "2013.10.06"]
[Round "1.2"]
[White "Thompson, Robert"]
[Black "Jones, Gawain CB"]
[Result "0-1"]
[WhiteElo "1962"]
[BlackElo "2638"]
[PlyCount "92"]
[EventDate "2013.10.06"]
[EventType "swiss (rapid)"]
[EventRounds "7"]
[EventCountry "ENG"]
[TimeControl "900+70"]
[WhiteClock "0:04:18"]
[BlackClock "0:05:37"]

1. Nf3 Nf6 2. c4 g6 3. g3 Bg7 4. Bg2 O-O 5. O-O d6 6. d4 Nc6 7. Nc3 Rb8 8. e4
a6 9. h3 b5 10. e5 Nd7 11. cxb5 axb5 12. exd6 cxd6 13. Be3 b4 14. Ne4 d5 15.
Ned2 Nb6 16. Rc1 Qd7 17. Nb3 Na4 18. Nc5 Nxc5 19. Rxc5 Ba6 20. Re1 Rfc8 21. Qc2
b3 22. axb3 Nb4 23. Rxc8+ Rxc8 24. Qd2 Qb7 25. Rc1 Rxc1+ 26. Qxc1 e6 27. Qc3
Bf8 28. Bf1 Bxf1 29. Kxf1 f6 30. Bf4 g5 31. Bd2 h5 32. Qe3 Kf7 33. Bxb4 Bxb4
34. Qd3 Kg7 35. Ne1 Bd6 36. Nc2 Qc8 37. Qc3 Qa6+ 38. Kg2 Qe2 39. Ne3 g4 40.
hxg4 hxg4 41. Qc2 Qf3+ 42. Kh2 Bxg3+ 43. fxg3 Qxe3 44. Qc7+ Kg6 45. Qf4 Qxf4
46. gxf4 Kf7 0-1

[Event "4NCL Individual Rapid 10m+10s"]
[Site "Daventry"]
[Date "2013.10.06"]
[Round "1.3"]
[White "Smerdon, David"]
[Black "Deighton, Simon"]
[Result "1-0"]
[WhiteElo "2523"]
[BlackElo "1986"]
[PlyCount "35"]
[EventDate "2013.10.06"]
[EventType "swiss (rapid)"]
[EventRounds "7"]
[EventCountry "ENG"]
[TimeControl "900+110"]
[WhiteClock "0:06:14"]
[BlackClock "0:07:23"]

1. e4 c5 2. Nf3 Nc6 3. c3 d5 4. exd5 Qxd5 5. d4 Bg4 6. dxc5 Qxd1+ 7. Kxd1 Bxf3+
8. gxf3 e5 9. b4 a5 10. b5 O-O-O+ 11. Kc2 Nb8 12. Be3 Nd7 13. c6 bxc6 14. bxc6
Nc5 15. Na3 f6 16. Nb5 Nh6 17. Bxh6 gxh6 18. Bh3+ 1-0

[Event "4NCL Individual Rapid 10m+10s"]
[Site "Daventry"]
[Date "2013.10.06"]
[Round "1.4"]
[White "Bourne, Iain"]
[Black "Zakarian, David"]
[Result "0-1"]
[WhiteElo "1918"]
[BlackElo "2408"]
[PlyCount "54"]
[EventDate "2013.10.06"]
[EventType "swiss (rapid)"]
[EventRounds "7"]
[EventCountry "ENG"]
[TimeControl "900+165"]
[WhiteClock "0:00:44"]
[BlackClock "0:04:06"]

1. d4 Nf6 2. c4 e6 3. Nc3 Bb4 4. e3 O-O 5. Nge2 d5 6. a3 Be7 7. cxd5 exd5 8.
Nf4 c6 9. Bd3 Re8 10. O-O Nbd7 11. Qc2 Nf8 12. b4 a6 13. Rb1 Ng6 14. Nxg6 hxg6
15. a4 Bd6 16. h3 Bc7 17. b5 axb5 18. axb5 Qd6 19. f4 g5 20. bxc6 bxc6 21. g4
gxf4 22. exf4 Ne4 23. Bxe4 dxe4 24. Be3 Ba6 25. Nxe4 Qe7 26. Ng5 Qxe3+ 27. Kh2
Bxf4+ 0-1

[Event "4NCL Individual Rapid 10m+10s"]
[Site "Daventry"]
[Date "2013.10.06"]
[Round "1.5"]
[White "Merry, Alan B"]
[Black "Adebajo, Olufemi"]
[Result "1-0"]
[WhiteElo "2297"]
[BlackElo "1971"]
[PlyCount "66"]
[EventDate "2013.10.06"]
[EventType "swiss (rapid)"]
[EventRounds "7"]
[EventCountry "ENG"]

1. e4 c5 2. g3 Nc6 3. Bg2 g6 4. Ne2 Bg7 5. O-O d6 6. d3 Nf6 7. c4 O-O 8. Nbc3
Rb8 9. h3 Bd7 10. Be3 a6 11. a4 Qc8 12. Kh2 e5 13. f4 Nd4 14. f5 gxf5 15. Bg5
Bc6 16. Nd5 Bxd5 17. cxd5 h6 18. Bxf6 Bxf6 19. Nxd4 exd4 20. Rxf5 Be5 21. Qh5
Kg7 22. Raf1 f6 23. h4 Qe8 24. Qf3 Kh7 25. Bh3 Rg8 26. Rg1 Qxa4 27. Rxf6 Qc2+
28. Kh1 Qd2 29. Qf5+ Kh8 30. Re6 Rbf8 31. Qh5 Bg7 32. Bf5 Rf6 33. Rxf6 Bxf6 1-0

[Event "4NCL Individual Rapid 10m+10s"]
[Site "Daventry"]
[Date "2013.10.06"]
[Round "1.6"]
[White "Kane, Robert"]
[Black "Pitcher, John"]
[Result "0-1"]
[WhiteElo "1862"]
[BlackElo "2246"]
[PlyCount "68"]
[EventDate "2013.10.06"]
[EventType "swiss (rapid)"]
[EventRounds "7"]
[EventCountry "ENG"]
[TimeControl "900+105"]
[WhiteClock "0:01:35"]
[BlackClock "0:02:53"]

1. d4 d5 2. Nf3 Nf6 3. e3 c6 4. Bd3 Bg4 5. c4 a6 6. Qb3 Bxf3 7. gxf3 Ra7 8. Nc3
e6 9. cxd5 cxd5 10. Bd2 Nc6 11. Na4 Nd7 12. Rc1 Be7 13. a3 O-O 14. Qc2 h6 15.
b4 e5 16. dxe5 Ndxe5 17. Be2 d4 18. Qf5 g6 19. Qh3 h5 20. f4 Qd5 21. O-O d3 22.
Bxh5 gxh5 23. fxe5 Nxe5 24. f4 Ng4 25. e4 Qd4+ 26. Kg2 Qxe4+ 27. Qf3 f5 28. Rc7
Bd6 29. Rd7 Qe6 30. Rxd6 Qxd6 31. Kh3 b5 32. Nc5 Re7 33. Qd1 Re2 34. Rh1 Nf2+
0-1

[Event "4NCL Individual Rapid 10m+10s"]
[Site "Daventry"]
[Date "2013.10.06"]
[Round "1.7"]
[White "Harvey, Marcus R"]
[Black "Burke, Steven J"]
[Result "1-0"]
[WhiteElo "2232"]
[BlackElo "2002"]
[PlyCount "83"]
[EventDate "2013.10.06"]
[EventType "swiss (rapid)"]
[EventRounds "7"]
[EventCountry "ENG"]
[TimeControl "900+115"]
[WhiteClock "0:08:01"]
[BlackClock "0:05:41"]

1. g3 d5 2. Nf3 c6 3. Bg2 Bf5 4. O-O e6 5. d3 Nf6 6. Nbd2 Be7 7. Nh4 Bg6 8.
Nxg6 hxg6 9. e4 Nbd7 10. Qe2 dxe4 11. Nxe4 Nxe4 12. Qxe4 Nf6 13. Qa4 O-O 14.
Re1 Qb6 15. Be3 Qb4 16. Qxb4 Bxb4 17. c3 Ba5 18. b4 Bb6 19. d4 Bc7 20. a4 Nd5
21. Bd2 Nb6 22. Bf1 Rfe8 23. a5 Nd5 24. c4 Nf6 25. a6 b6 26. Bg2 Red8 27. Bxc6
Rab8 28. Bc3 Rd6 29. b5 Rbd8 30. f4 Nd7 31. Rad1 Nb8 32. Bf3 R8d7 33. Kf2 Bd8
34. c5 bxc5 35. dxc5 Rxd1 36. Rxd1 Rxd1 37. Bxd1 Be7 38. Bd4 Kf8 39. c6 Bd6 40.
Bxa7 Ke8 41. Be3 Kd8 42. a7 1-0

[Event "4NCL Individual Rapid 10m+10s"]
[Site "Daventry"]
[Date "2013.10.06"]
[Round "1.8"]
[White "Kirkland, Chris"]
[Black "Basman, Michael"]
[Result "0-1"]
[WhiteElo "1744"]
[BlackElo "2340"]
[PlyCount "66"]
[EventDate "2013.10.06"]
[EventType "swiss (rapid)"]
[EventRounds "7"]
[EventCountry "ENG"]

1. e4 g5 2. Bc4 Nf6 3. d3 Rg8 4. e5 d5 5. Bb3 Ng4 6. Nf3 c5 7. h3 Nh6 8. Nxg5
Nc6 9. Ba4 Qa5+ 10. c3 b5 11. Bb3 e6 12. Bf4 Bb7 13. Nd2 O-O-O 14. O-O Be7 15.
Ngf3 Nf5 16. a4 b4 17. c4 dxc4 18. Nxc4 Qc7 19. Re1 Ncd4 20. Ncd2 Qc6 21. Ne4
Nxf3+ 22. Qxf3 Nh4 23. Qd1 Nxg2 24. Bg3 Nxe1 25. Qxe1 Rxd3 26. Bc2 Qxe4 27.
Qxe4 Bxe4 28. Bxd3 Bxd3 29. Rc1 c4 30. Kh2 Bc5 31. f4 Bd4 32. b3 c3 33. Rd1 c2
0-1

[Event "4NCL Individual Rapid 10m+10s"]
[Site "Daventry"]
[Date "2013.10.06"]
[Round "1.1"]
[White "Wall, Gavin"]
[Black "Maroroa, Sue"]
[Result "1-0"]
[WhiteElo "2333"]
[BlackElo "2130"]
[PlyCount "115"]
[EventDate "2013.10.06"]
[EventType "swiss (rapid)"]
[EventRounds "7"]
[EventCountry "ENG"]

1. e4 e5 2. Nf3 Nc6 3. Bc4 Bc5 4. c3 Nf6 5. d3 d6 6. Bb3 Bb6 7. Nbd2 h6 8. Nc4
Qe7 9. O-O Bg4 10. Ne3 Be6 11. Nd5 Qd8 12. Re1 O-O 13. Nxb6 axb6 14. h3 Bxb3
15. Qxb3 Ne7 16. Nh4 g5 17. Nf3 Kh7 18. Nh2 Ng6 19. Nf1 g4 20. hxg4 Nxg4 21. f3
Nf6 22. Ng3 Nf4 23. Bxf4 exf4 24. Nf5 Nh5 25. Kf2 Ng7 26. Nxg7 Qh4+ 27. Ke2
Kxg7 28. Rh1 Qg3 29. Rag1 Ra5 30. Rh3 Qg6 31. g4 h5 32. Qc4 hxg4 33. Rxg4 Rg5
34. Rhh4 Kf6 35. Rxf4+ Ke7 36. Qxc7+ Ke8 37. Qc8+ Ke7 38. Qxb7+ Ke8 39. Rfg4
Rxg4 40. Rxg4 Qh6 41. Qxb6 Qh2+ 42. Qf2 Qe5 43. Qg3 Qb5 44. b3 Qa5 45. Qxd6
Qxa2+ 46. Ke3 Qa7+ 47. d4 Qa1 48. Qc6+ Kd8 49. Rg2 Qc1+ 50. Rd2 Qg1+ 51. Kd3
Qf1+ 52. Kc2 Qxf3 53. Qd6+ Ke8 54. e5 Qa8 55. Kb2 Rg8 56. e6 Qb7 57. exf7+ Kxf7
58. Rf2+ 1-0

[Event "4NCL Individual Rapid 10m+10s"]
[Site "Daventry"]
[Date "2013.10.06"]
[Round "1.2"]
[White "Foley, John P"]
[Black "Mayhew, Andrew"]
[Result "0-1"]
[WhiteElo "2018"]
[BlackElo "2058"]
[PlyCount "40"]
[EventDate "2013.10.06"]
[EventType "swiss (rapid)"]
[EventRounds "7"]
[EventCountry "ENG"]
[TimeControl "900+130"]
[WhiteClock "0:02:51"]
[BlackClock "0:02:14"]

1. d4 Nf6 2. Nf3 g6 3. Bf4 Bg7 4. Nc3 d5 5. e3 O-O 6. Be2 a6 7. h3 c5 8. O-O
cxd4 9. exd4 Nc6 10. Re1 Ne4 11. Ne5 Nxc3 12. bxc3 Nxe5 13. dxe5 Be6 14. Qd2
Qc7 15. Bf3 Rfd8 16. Rab1 Rac8 17. g4 Qxc3 18. Rxb7 d4 19. a4 Qxf3 20. Bg3 Qxb7
0-1

[Event "4NCL Individual Rapid 10m+10s"]
[Site "Daventry"]
[Date "2013.10.06"]
[Round "1.3"]
[White "Sowray, Peter J"]
[Black "Davies, Matthew"]
[Result "1-0"]
[WhiteElo "2335"]
[BlackElo "1929"]
[PlyCount "65"]
[EventDate "2013.10.06"]
[EventType "swiss (rapid)"]
[EventRounds "7"]
[EventCountry "ENG"]
[TimeControl "900+130"]
[WhiteClock "0:02:01"]
[BlackClock "0:00:25"]

1. d4 d5 2. c4 c6 3. Nf3 Nf6 4. Nc3 dxc4 5. a4 Bf5 6. Ne5 Nbd7 7. Nxc4 Nb6 8.
Ne5 e6 9. f3 h6 10. e4 Bh7 11. Be3 Be7 12. Be2 O-O 13. O-O Nbd7 14. Nd3 a5 15.
Qd2 Re8 16. Rfd1 Bf8 17. Nf2 Bb4 18. Rac1 e5 19. dxe5 Nxe5 20. Qxd8 Raxd8 21.
Na2 c5 22. Nxb4 cxb4 23. Bb6 Rxd1+ 24. Rxd1 Nc6 25. Bb5 Ra8 26. Rd6 Kf8 27.
Bxc6 bxc6 28. Rxc6 Nd7 29. Bd4 f6 30. Nd3 Bg8 31. Rc7 Ke8 32. Kf2 Bb3 33. Rxd7
1-0

[Event "4NCL Individual Rapid 10m+10s"]
[Site "Daventry"]
[Date "2013.10.06"]
[Round "1.4"]
[White "Lunn, Matthew"]
[Black "Snape, Ian L"]
[Result "0-1"]
[WhiteElo "2045"]
[BlackElo "2218"]
[PlyCount "82"]
[EventDate "2013.10.06"]
[EventType "swiss (rapid)"]
[EventRounds "7"]
[EventCountry "ENG"]

1. d4 c5 2. d5 g6 3. c4 d6 4. Nc3 Bg7 5. e4 Nf6 6. Bf4 O-O 7. h3 a6 8. a4 Ne8
9. Nf3 e5 10. Bg5 Qc7 11. g4 f5 12. gxf5 gxf5 13. Rg1 Kh8 14. Nh4 Qf7 15. Be2
Nf6 16. exf5 Nbd7 17. Qd2 Rg8 18. O-O-O e4 19. Qf4 Ne5 20. Bxf6 Qxf6 21. Nxe4
Nd3+ 22. Rxd3 Qxb2+ 23. Kd1 Qa1+ 24. Qc1 Qxc1+ 25. Kxc1 Bh6+ 26. Kc2 Rxg1 27.
Nxd6 Bd7 28. Rg3 Bxa4+ 29. Kb2 Rxg3 30. fxg3 Kg7 31. Ne4 Be3 32. f6+ Kf7 33.
Nf5 Bd4+ 34. Kc1 Bd7 35. Bh5+ Kf8 36. Nfd6 Bxh3 37. Ng5 Be3+ 38. Kc2 Bxg5 39.
f7 Be7 40. Nxb7 Rb8 41. Na5 Bf5+ 0-1

[Event "4NCL Individual Rapid 10m+10s"]
[Site "Daventry"]
[Date "2013.10.06"]
[Round "1.6"]
[White "Read, Matthew"]
[Black "Talsma, Paul"]
[Result "0-1"]
[WhiteElo "1752"]
[BlackElo "2192"]
[PlyCount "40"]
[EventDate "2013.10.06"]
[EventType "swiss (rapid)"]
[EventRounds "7"]
[EventCountry "ENG"]

1. b4 e5 2. Bb2 d6 3. e3 f5 4. c4 Nf6 5. d3 g6 6. Nf3 Bg7 7. Be2 O-O 8. O-O Qe8
9. Nbd2 h6 10. Re1 Qf7 11. Nf1 Be6 12. a4 Nbd7 13. a5 Kh8 14. d4 e4 15. N3d2 c6
16. b5 g5 17. Ng3 d5 18. Ba3 f4 19. Bh5 Nxh5 20. Nxh5 Rg8 0-1

[Event "4NCL Individual Rapid 10m+10s"]
[Site "Daventry"]
[Date "2013.10.06"]
[Round "1.7"]
[White "Healey, Michael W"]
[Black "Young, Daniel J"]
[Result "1-0"]
[WhiteElo "2091"]
[BlackElo "1755"]
[PlyCount "129"]
[EventDate "2013.10.06"]
[EventType "swiss (rapid)"]
[EventRounds "7"]
[EventCountry "ENG"]

1. e4 c5 2. Nf3 d6 3. Nc3 Nf6 4. e5 dxe5 5. Nxe5 Qc7 6. Nc4 g6 7. d3 Bg7 8. g3
O-O 9. Bg2 Nc6 10. O-O a6 11. a4 Be6 12. Bf4 Qd8 13. Ne5 Nxe5 14. Bxe5 Nd5 15.
Bxg7 Kxg7 16. Ne4 Rc8 17. a5 h6 18. Qd2 Qd7 19. Rfe1 Bh3 20. Bh1 Rfd8 21. b3
Nb4 22. Rac1 Nc6 23. Nxc5 Qc7 24. Qc3+ Kg8 25. b4 Nxb4 26. Qxb4 Qxc5 27. Qxc5
Rxc5 28. Bxb7 Rxa5 29. Rxe7 Be6 30. Rc7 Ra2 31. Kf1 a5 32. Bc6 a4 33. Ra7 a3
34. Ke2 Rc8 35. Ra6 Kf8 36. Kd2 Ke7 37. Rb1 Rb2 38. Ra1 a2 39. Ba4 Rb1 40.
Rxe6+ fxe6 41. Rxa2 Rh1 42. h4 Rh2 43. Ke3 Rf8 44. c4 Kd6 45. Bd1 Rh1 46. Ra6+
Ke7 47. Bg4 Rf6 48. c5 h5 49. Ra7+ Kd8 50. Bf3 Re1+ 51. Be2 Rc1 52. d4 Rc2 53.
f4 Kc8 54. Rg7 Rb2 55. Ba6+ Kd8 56. Ke4 Rg2 57. c6 Rc2 58. Bb7 Rc1 59. Ke5 Rf5+
60. Kxe6 Re1+ 61. Kd6 Rf6+ 62. Kc5 Rc1+ 63. Kb6 Rb1+ 64. Ka7 Ra1+ 65. Kb8 1-0

[Event "4NCL Individual Rapid 10m+10s"]
[Site "Daventry"]
[Date "2013.10.06"]
[Round "1.8"]
[White "Meadows, Michael"]
[Black "Okike, David"]
[Result "1/2-1/2"]
[WhiteElo "1764"]
[BlackElo "2152"]
[PlyCount "150"]
[EventDate "2013.10.06"]
[EventType "swiss (rapid)"]
[EventRounds "7"]
[EventCountry "ENG"]
[TimeControl "900+200"]
[WhiteClock "0:00:36"]
[BlackClock "0:05:33"]

1. e4 c5 2. Nf3 Nc6 3. d4 cxd4 4. Nxd4 Nf6 5. Nc3 d6 6. Bg5 Bd7 7. Qd2 Nxd4 8.
Qxd4 a6 9. O-O-O Rc8 10. Kb1 Qa5 11. f4 Qc5 12. Qxc5 Rxc5 13. Bd3 Ng4 14. Rd2
h6 15. Bh4 g5 16. Bg3 Bg7 17. Nd5 e6 18. h3 exd5 19. hxg4 dxe4 20. Bxe4 Rb5 21.
b3 gxf4 22. Bxf4 Be5 23. Rxh6 Rxh6 24. Bxh6 Bxg4 25. c4 Rc5 26. Bxb7 Bf5+ 27.
Kc1 a5 28. Rd5 Rc7 29. Ba6 Be4 30. Rxa5 Bxg2 31. Bb5+ Ke7 32. Kd2 f5 33. Ra6
Kf6 34. Bf8 Ke6 35. b4 Rf7 36. Bxd6 Bxd6 37. c5 Rb7 38. Rxd6+ Ke5 39. a4 f4 40.
Rd7 Rb8 41. Re7+ Kf6 42. Re8 Rb7 43. c6 Rc7 44. Rh8 Ke5 45. Rh6 Rc8 46. a5 Rd8+
47. Kc3 f3 48. Rh7 Rd1 49. Kc2 Rd8 50. c7 Rc8 51. Rf7 f2 52. Rxf2 Be4+ 53. Kb3
Rxc7 54. Rd2 Bd5+ 55. Ka4 Rc1 56. Be8 Bc4 57. b5 Rb1 58. b6 Ba6 59. Bc6 Ra1+
60. Kb4 Rb1+ 61. Ka3 Bc4 62. Rb2 Ra1+ 63. Kb4 Ba6 64. b7 Bxb7 65. Bxb7 Kd6 66.
a6 Kc7 67. Kb5 Rc1 68. Bd5 Ra1 69. Ra2 Rb1+ 70. Ka5 Rd1 71. Rc2+ Kb8 72. Rc5
Ka7 73. Rc7+ Kb8 74. a7+ Kxc7 75. a8=Q Ra1+ 1/2-1/2

[Event "4NCL Individual Rapid 10m+10s"]
[Site "Daventry"]
[Date "2013.10.06"]
[Round "2.1"]
[White "Mayhew, Andrew"]
[Black "Bhatia, Kanwal"]
[Result "0-1"]
[WhiteElo "2058"]
[BlackElo "2039"]
[PlyCount "116"]
[EventDate "2013.10.06"]
[EventType "swiss (rapid)"]
[EventRounds "7"]
[EventCountry "ENG"]

1. d4 Nf6 2. c4 c5 3. d5 b5 4. cxb5 a6 5. e3 g6 6. Nc3 Bg7 7. Nf3 O-O 8. a4 d6
9. Ra3 Bb7 10. Be2 e6 11. e4 axb5 12. Bxb5 exd5 13. exd5 Nbd7 14. O-O Nb6 15.
Bc6 Bxc6 16. dxc6 Qc7 17. Nb5 Qxc6 18. Qxd6 Qxd6 19. Nxd6 Nxa4 20. b3 Nc3 21.
Rxa8 Rxa8 22. Be3 Nfe4 23. Nxe4 Nxe4 24. g3 Rb8 25. Rd1 Bf6 26. Rd3 Kg7 27. h4
Be7 28. Bf4 Rd8 29. Re3 f5 30. Kg2 Bf6 31. Ne5 Rd5 32. Nc4 h6 33. Nb6 Rd1 34.
f3 Nc3 35. Be5 Rd2+ 36. Kh1 Rd1+ 37. Kg2 Rd2+ 38. Kf1 Rd1+ 39. Kf2 Bxe5 40.
Rxe5 Rb1 41. Rxc5 Rxb3 42. Rc7+ Kf6 43. Rc6+ Kf7 44. Nd7 Rb2+ 45. Kf1 Rb1+ 46.
Kf2 Rb2+ 47. Ke1 Re2+ 48. Kf1 Re3 49. Kg2 Ke7 50. Nb6 Kf7 51. h5 gxh5 52. Rxh6
Re2+ 53. Kf1 Re3 54. Kg2 Re2+ 55. Kh3 Re3 56. Nc4 Rxf3 57. Ne5+ Kg7 58. Rc6 Re3
0-1

[Event "4NCL Individual Rapid 10m+10s"]
[Site "Daventry"]
[Date "2013.10.06"]
[Round "2.2"]
[White "Duggan, Christopher"]
[Black "Sowray, Peter J"]
[Result "1/2-1/2"]
[WhiteElo "2036"]
[BlackElo "2335"]
[PlyCount "78"]
[EventDate "2013.10.06"]
[EventType "swiss (rapid)"]
[EventRounds "7"]
[EventCountry "ENG"]
[TimeControl "900+135"]
[WhiteClock "0:00:46"]
[BlackClock "0:03:25"]

1. e4 c6 2. d4 d5 3. e5 Bf5 4. Nf3 e6 5. Be2 c5 6. O-O Nc6 7. Re1 cxd4 8. Nxd4
Nxd4 9. Qxd4 Ne7 10. Bg5 Nc6 11. Qd2 Be7 12. Bxe7 Qxe7 13. Bd3 Bxd3 14. cxd3
O-O 15. d4 Qb4 16. Rd1 Qxd2 17. Rxd2 Rfc8 18. Nc3 Na5 19. Nb5 Rc6 20. Nd6 Nc4
21. Nxc4 Rxc4 22. Kf1 Rac8 23. Ke2 Kf8 24. Kd3 Ke7 25. Re1 b5 26. Ree2 Kd7 27.
Rc2 a5 28. b3 Rxc2 29. Rxc2 Rxc2 30. Kxc2 f6 31. f4 fxe5 32. fxe5 Ke7 33. Kd3
Kf7 34. a3 Kg6 35. Ke3 Kf5 36. h3 h5 37. g3 Kg5 38. Kf3 Kf5 39. Ke3 Kg5 1/2-1/2

[Event "4NCL Individual Rapid 10m+10s"]
[Site "Daventry"]
[Date "2013.10.06"]
[Round "2.3"]
[White "Snape, Ian L"]
[Black "Taylor, Mark V"]
[Result "1-0"]
[WhiteElo "2218"]
[BlackElo "2087"]
[PlyCount "61"]
[EventDate "2013.10.06"]
[EventType "swiss (rapid)"]
[EventRounds "7"]
[EventCountry "ENG"]
[TimeControl "900+245"]
[WhiteClock "0:03:11"]
[BlackClock "0:00:52"]

1. e4 e6 2. d4 d5 3. Nc3 Bb4 4. e5 c5 5. a3 Bxc3+ 6. bxc3 Ne7 7. Qg4 Qc7 8.
Qxg7 Rg8 9. Qxh7 cxd4 10. Ne2 Nbc6 11. f4 Bd7 12. Qd3 dxc3 13. Rg1 O-O-O 14.
Rb1 d4 15. g4 Ng6 16. Rg3 Be8 17. g5 Rh8 18. Bh3 Ncxe5 19. fxe5 Nxe5 20. Qe4
Bc6 21. Qf4 d3 22. Nxc3 dxc2 23. Rb3 Nd3+ 24. Rxd3 Rxd3 25. Qxc7+ Kxc7 26. Bf1
Rdd8 27. Rb2 Kc8 28. Rxc2 a6 29. Bf4 e5 30. Bxe5 Rhe8 31. Bh3+ 1-0

[Event "4NCL Individual Rapid 10m+10s"]
[Site "Daventry"]
[Date "2013.10.06"]
[Round "2.4"]
[White "Pritchett, Craig W"]
[Black "Benjamin, Martin J"]
[Result "1-0"]
[WhiteElo "2359"]
[BlackElo "2040"]
[PlyCount "45"]
[EventDate "2013.10.06"]
[EventType "swiss (rapid)"]
[EventRounds "7"]
[EventCountry "ENG"]

1. Nf3 c5 2. c4 Nf6 3. Nc3 d5 4. cxd5 Nxd5 5. g3 Nc6 6. Bg2 Nc7 7. O-O e5 8. d3
Be7 9. Nd2 Bd7 10. Nc4 O-O 11. f4 exf4 12. gxf4 Rb8 13. e4 b5 14. Ne3 Qc8 15.
f5 Bf6 16. Kh1 Nd4 17. Ncd5 Nxd5 18. Nxd5 Qd8 19. Bf4 Rc8 20. Rc1 Re8 21. Bd6
c4 22. dxc4 bxc4 23. Nxf6+ 1-0

[Event "4NCL Individual Rapid 10m+10s"]
[Site "Daventry"]
[Date "2013.10.06"]
[Round "2.5"]
[White "Talsma, Paul"]
[Black "Chan, Nevil"]
[Result "1/2-1/2"]
[WhiteElo "2192"]
[BlackElo "2027"]
[PlyCount "77"]
[EventDate "2013.10.06"]
[EventType "swiss (rapid)"]
[EventRounds "7"]
[EventCountry "ENG"]
[TimeControl "900+130"]
[WhiteClock "0:03:45"]
[BlackClock "0:04:55"]

1. d4 Nc6 2. d5 Ne5 3. e4 Ng6 4. g3 e5 5. h4 h5 6. Be2 Nf6 7. Bg5 Bc5 8. Nc3
Bd4 9. Nf3 Bxc3+ 10. bxc3 d6 11. Nd2 Bg4 12. Bxg4 hxg4 13. Bxf6 Qxf6 14. Qxg4
Nf8 15. Rb1 b6 16. Qe2 Qd8 17. Qb5+ Qd7 18. O-O a6 19. Qxd7+ Nxd7 20. Kg2 Ke7
21. Rh1 g6 22. Rh3 Rh7 23. g4 Rah8 24. Rbh1 Nc5 25. h5 gxh5 26. gxh5 Rh6 27. f3
Nd7 28. Nf1 f5 29. Ne3 Rg8+ 30. Kf2 Kf6 31. Nxf5 Rh7 32. h6 Nf8 33. Rg3 Rxg3
34. Kxg3 Ng6 35. Kf2 Nf4 36. Rh4 Ng6 37. Rg4 Kf7 38. Rg5 Kf6 39. Rg4 1/2-1/2

[Event "4NCL Individual Rapid 10m+10s"]
[Site "Daventry"]
[Date "2013.10.06"]
[Round "2.6"]
[White "Okike, David"]
[Black "Pein, Jonathan"]
[Result "0-1"]
[WhiteElo "2152"]
[BlackElo "1946"]
[PlyCount "61"]
[EventDate "2013.10.06"]
[EventType "swiss (rapid)"]
[EventRounds "7"]
[EventCountry "ENG"]

1. d4 Nf6 2. c4 g6 3. Nc3 Bg7 4. e4 O-O 5. Be3 d6 6. Be2 Nbd7 7. h4 h5 8. Nh3
e5 9. d5 Nc5 10. f3 a5 11. Ng5 c6 12. Qd2 cxd5 13. cxd5 Ne8 14. O-O f6 15. Nh3
f5 16. Ng5 f4 17. Bf2 Bf6 18. Nb5 b6 19. Na3 Bxg5 20. hxg5 Qxg5 21. Kh2 h4 22.
Rh1 Rf7 23. Kg1 Rh7 24. Kf1 Nf6 25. Qe1 h3 26. g3 h2 27. g4 Ncxe4 28. fxe4 Nxg4
29. Bf3 Ba6+ 30. Be2 Bc8 31. Nb1 0-1

[Event "4NCL Individual Rapid 10m+10s"]
[Site "Daventry"]
[Date "2013.10.06"]
[Round "2.7"]
[White "Humphreys, Jerry G"]
[Black "Meadows, Michael"]
[Result "1/2-1/2"]
[WhiteElo "2065"]
[BlackElo "1764"]
[PlyCount "59"]
[EventDate "2013.10.06"]
[EventType "swiss (rapid)"]
[EventRounds "7"]
[EventCountry "ENG"]

1. e4 d5 2. exd5 Qxd5 3. Nc3 Qa5 4. d4 Nf6 5. Nf3 c6 6. Be2 Bf5 7. O-O e6 8.
Bf4 Nbd7 9. h3 Be7 10. Re1 O-O 11. Bd3 Bxd3 12. Qxd3 Rad8 13. Qe2 Nd5 14. Bd2
Bb4 15. Nxd5 cxd5 16. Bxb4 Qxb4 17. c3 Qd6 18. Rac1 Nf6 19. Nd2 Rc8 20. Qd3
Rfd8 21. Re2 a6 22. Rf1 b5 23. a3 h6 24. f4 Re8 25. Re5 Nd7 26. Re3 Nf6 27. f5
exf5 28. Rxf5 Rxe3 29. Qxe3 Re8 30. Rxf6 1/2-1/2

[Event "4NCL Individual Rapid 10m+10s"]
[Site "Daventry"]
[Date "2013.10.06"]
[Round "2.8"]
[White "Mirza, Gabriel"]
[Black "Lunn, Matthew"]
[Result "0-1"]
[WhiteElo "1735"]
[BlackElo "2045"]
[PlyCount "142"]
[EventDate "2013.10.06"]
[EventType "swiss (rapid)"]
[EventRounds "7"]
[EventCountry "ENG"]

1. Nc3 c5 2. e4 Nc6 3. Bc4 d6 4. f4 Nf6 5. d3 g6 6. a3 Bg7 7. h3 O-O 8. g4 a6
9. Nge2 b5 10. Bb3 Bb7 11. Ng3 Nd4 12. g5 Nd7 13. Ba2 e6 14. h4 Nb6 15. O-O d5
16. e5 b4 17. axb4 cxb4 18. Nce2 Nxe2+ 19. Qxe2 Qc7 20. Bb3 a5 21. Ba4 Nxa4 22.
Rxa4 Rfc8 23. Rf2 Ra6 24. b3 Rc6 25. Ra2 Qb6 26. Be3 Qb5 27. h5 Bf8 28. hxg6
fxg6 29. Bd4 Bc5 30. Qe3 Qb6 31. Ne2 Qc7 32. Bxc5 Rxc5 33. Nd4 Qb6 34. Kf1 Rf8
35. Ke1 Rc7 36. Nf5 Qxe3+ 37. Nxe3 Rcf7 38. Ng2 d4 39. Rxa5 Bxg2 40. Rxg2 Rxf4
41. Ra7 Rf1+ 42. Ke2 R1f5 43. Rh2 Rxe5+ 44. Kd2 Rxg5 45. Raxh7 Rf2+ 46. Rxf2
Kxh7 47. Re2 e5 48. Ke1 Kg7 49. Kf2 Kf6 50. Kf3 Kf5 51. Re4 Rg1 52. Re2 Rf1+
53. Kg2 Rf4 54. Kg3 g5 55. Rh2 e4 56. dxe4+ Kxe4 57. Re2+ Kd5 58. Re8 Rf6 59.
Rg8 Rc6 60. Rxg5+ Ke4 61. Rg4+ Ke3 62. Kh4 Rxc2 63. Rg3+ Kd2 64. Rg2+ Kc3 65.
Rg3+ d3 66. Kg4 Rd2 67. Kf4 Kxb3 68. Ke4 Kc2 69. Kd4 b3 70. Kc4 b2 71. Rg1 b1=Q
0-1